000 00908am a2200325a 44500
003 AR-BaBNM
005 20251128211210.0
008 093020s2001 #AR|||||||||||000 | spa||
020 _a950-39-0144-8
040 _cAR-BaBNM
110 2 _aUniversidad Nacional de Cuyo
_bSecretaría de Asuntos Académicos
245 1 0 _aGuía del estudiante 2002
250 _a1ª ed.
260 _aMendoza
_bEDIUNC
_c2001
300 _a237 p.
500 _aEDIUNC: Editorial de la Universidad Nacional de Cuyo
650 4 _aUNIVERSIDADES
650 4 _aUNIVERSIDADES ESTATALES
650 4 _aORIENTACION PROFESIONAL
650 4 _aINSTITUTOS UNIVERSITARIOS
650 4 _aTITULOS UNIVERSITARIOS
650 4 _aPROGRAMAS DE ESTUDIOS
650 4 _aGUIA DEL ESTUDIANTE
650 4 _aCARRERAS
650 4 _aINGRESO
653 _aEDUCACION SUPERIOR
655 _aREFERENCIA
942 _cBK
998 _craquel
999 _c18679
_d18679